Introduction to VLSI Systems /

Los autores de esta obra consideran que debido a la complejidad de los subsistemas de los circuitos debe hablarse de sistemas integrados más que de circuitos integrados. Cubre desde del diseño de circuitos hasta la arquitectura del equipo de cómputo, haciendo hincapié en los sistemas digitales VLSI...

Descripció completa

Guardat en:
Dades bibliogràfiques
Autor principal: Mead, Carver A. (autor)
Altres autors: Conway, Lynn (autor) (autor)
Format: Llibre
Idioma:anglès
Publicat: Reading, EUA : Addison-Wesley, 1980, c1980
Col·lecció:(Addison-Wesley Series in Computer Science)
Matèries:
Etiquetes: Afegir etiqueta
Sense etiquetes, Sigues el primer a etiquetar aquest registre!

MARC

LEADER 00000nam^a2200000^a^4500
001 000153387
005 20250521000000.0
009 20260310100316.1
020 |a 0-201-04358-0 
037 |a Acervo ITESO - Biblioteca 
041 |a ING 
082 |a 621. 395  |b MEA 
100 |a Mead, Carver A.  |e (autor) 
245 1 0 |a Introduction to VLSI Systems /  |c C.A. Mead, L. Conway. 
264 4 |a Reading, EUA :  |b Addison-Wesley,  |c 1980, c1980 
300 |a XVI, 396 p. 
336 |a texto  |b txt  |2 rdacontenido 
337 |a sin mediación  |b n  |2 rdamedio 
338 |a volumen  |b nc  |2 rdasoporte 
440 1 |a (Addison-Wesley Series in Computer Science) 
520 |a Los autores de esta obra consideran que debido a la complejidad de los subsistemas de los circuitos debe hablarse de sistemas integrados más que de circuitos integrados. Cubre desde del diseño de circuitos hasta la arquitectura del equipo de cómputo, haciendo hincapié en los sistemas digitales VLSI para computadoras. 
649 |a XX 
650 |a VLSI 
650 |a Circuitos Integrados de Alta Velocidad -  |x Diseño y Construcción 
650 |a Componentes (Hardware) 
650 |a Arquitectura de Computadoras 
650 |a Microelectrónica 
650 |a Sistemas Electrónicos 
650 |a Ingeniería Computacional 
650 |a Ingeniería Electrónica 
700 |a Conway, Lynn  |e (autor) 
910 |a Fondo General 
920 |a Impresos - Libros 
930 |a Colección General 
905 |a 101 
901 |a 0500082078  |b IT1  |c ACC  |u 20250521 
902 |a https://opac.biblio.iteso.mx/vufind/Record/000153387